الإنسان وتلوث البيئة / (Record no. 14620)
[ view plain ]
| 000 -الفاتح | |
|---|---|
| حقل البيانات ثابتة الطول | 00893nam a22002057a 4500 |
| 008 - عناصر البيانات ثابتة الطول - معلومات عامة | |
| حقل البيانات ثابتة الطول | 100805s1999uar||||r000 000 0dara d |
| 020 ## - الرقم الدولى المعيارى للكتب | |
| الرقم الدولى المعيارى للكتاب | 9770162221 |
| 082 ## - رقم تصنيف ديوى العشرى | |
| رقم التصنيف | 614.71 |
| رقم المادة | أ ر ن |
| 100 ## - المدخل الرئيسى - إسم شخصى | |
| 9 (RLIN) | 17115 |
| الإسم الشخصى | أرناؤوط ، محمد السيد |
| 245 ## - بيان العنوان | |
| العنوان | الإنسان وتلوث البيئة / |
| بيان المسئوليه,etc | محمد السيد أرناؤوط |
| 260 ## - PUBLICATION, DISTRIBUTION, ETC. (IMPRINT) | |
| مكان الناشر او الموزع | القاهرة |
| اسم الناشر او الموزع | الدار المصرية اللبنانية، 1999 |
| تاريخ النشر أو التوزيع | 1999 |
| 300 ## - الوصف المادى | |
| التعداد | 412ص: |
| تفاصيل ماديه اخرى للوعاء | ايض؛ |
| أبعاد الوعاء | 22 سم |
| 490 ## - بيان السلسلة | |
| -- | 17404 |
| عنوان السلسلة | سلسلة البيئة |
| 504 ## - تبصرة ببليوجرافية | |
| الرابط | ببليوجرافية: ص407-412 |
| 541 ## - تبصرة المصدر المباشر للتزويد | |
| مصدر التزويد | ؛ألف باء |
| طريقة التزويد | ؛شراء |
| 650 ## - المدخل الاضافى بالموضوع-مصطلح موضوعى | |
| 9 (RLIN) | 15265 |
| مصطلح موضوعي أو اسم جغرافي كعنصر مدخل | تلوث البيئة |
| 650 ## - المدخل الاضافى بالموضوع-مصطلح موضوعى | |
| 9 (RLIN) | 17116 |
| مصطلح موضوعي أو اسم جغرافي كعنصر مدخل | البيئة والإنسان |
| 942 ## - عناصر المدخل الإضافي( كوها) | |
| مصدر التصنيف او مخطط الترفيف | Dewey Decimal Classification |
| Koha [default] item type | Book - Borrowing |
| حالة التراجع | حالة الفقد | مصدر التصنيف او خطة الترفيف | حالة تلف | ليس للاعارة | مجموعات كوها | المكان الدائم | المكان الحالي | موقع الترفيف | تاريخ الاكتساب | Source of acquisition | رقم الاستدعاء | الباركود | Date last seen | نوع الوعاء |
|---|---|---|---|---|---|---|---|---|---|---|---|---|---|---|
| Dewey Decimal Classification | Alef-Baa | Central Library | Central Library | First floor | 05/08/2010 | 614.71 أ ر ن | 000021659 | 15/07/2025 | Book - Borrowing |